| 000 | 01252cab a2200241 4500 | ||
|---|---|---|---|
| 001 | ABS67452 | ||
| 008 | 040203n2004 000 0 eng u | ||
| 035 | _a(Sirsi) u124989 | ||
| 100 | _aGrayson, H. | ||
| 245 | _aProposal to re-engineer the process of buying and selling homes | ||
| 260 | _c2004 | ||
| 490 |
_aSite Recorder _v122(1449) January 2004, 8-9(2) |
||
| 520 | _aFocuses on the development of licensed home inspectors in the context of the Housing Bill and its Home Information Pack and House Condition Report provisions. Examines the shortfall of qualified residential inspectors and the opportunities for other professionals to move into this area of work. Describes the skill standards in place and the qualifications already available, although formal assessment will not go live until the Bill gains royal assent, and the importance of CPD. | ||
| 590 | _aABS | ||
| 650 | _aPROPERTY-RESIDENTIAL PROPERTY-ACQUISITION AND DISPOSAL OF RESIDENTIAL PROPERTY | ||
| 650 | _aPROPERTY-RESIDENTIAL PROPERTY-ACQUISITION AND DISPOSAL OF RESIDENTIAL PROPERTY | ||
| 650 | _aHOUSING BILL | ||
| 650 | _aHOME INFORMATION PACKS | ||
| 650 | _aHOME CONDITION REPORTS | ||
| 650 | _aLICENSED HOME INSPECTORS | ||
| 690 | _aPROPERTY | ||
| 942 | _n0 | ||
| 999 |
_c74099 _d74099 |
||